[Event "Barcelona Ideal Clave op 21st"]
[Site "Barcelona"]
[Date "2017.10.21"]
[Round "3"]
[White "Gomez de Argila, Lluis"]
[Black "Garcia Miralles, Eduard"]
[Result "1-0"]
[WhiteElo "1516"]
[BlackElo "1700"]
[PlyCount "99"]
[EventDate "2017.09.30"]
[EventType "swiss"]
[EventRounds "8"]
[EventCountry "ESP"]
[SourceTitle "CBM 181 Extra"]
[Source "ChessBase"]
[SourceDate "2017.12.12"]
[SourceVersion "1"]
[SourceVersionDate "2017.12.12"]
[SourceQuality "1"]

1. d4 Nf6 2. Nf3 d5 3. c4 c6 4. e3 Bf5 5. cxd5 cxd5 6. Bb5+ Bd7 7. Bd3 Nc6 8. Nc3 Bg4 9. h3 Bh5 10. Be2 e6 11. a3 Bd6 12. Nb5 Be7 13. 0-0 0-0 14. Nh4 Bxe2 15. Qxe2 a6 16. Nc3 Bd6 17. b4 Nd7 18. Nf3 Nb6 19. e4 dxe4 20. Nxe4 Bc7 21. Bg5 Nxd4 22. Nxd4 Qxd4 23. Be3 Qe5 24. Ng3 Rfd8 25. Bxb6 Qxe2 26. Nxe2 Bxb6 27. a4 Rac8 28. a5 Ba7 29. Rfd1 g5 30. g3 Kf8 31. Kg2 Ke7 32. f4 h6 33. Kf3 Rxd1 34. Rxd1 Rc4 35. Rb1 f5 36. b5 Rc5 37. bxa6 Rxa5 38. Rxb7+ Kf6 39. Rxa7 Ra3+ 40. Kf2 gxf4 41. Nxf4 Ke5 42. Rh7 Rxa6 43. Rxh6 Ra2+ 44. Ne2 Kd5 45. Rh5 Ke4 46. Rh4+ Kd3 47. Rd4+ Kc2 48. Rd8 Ra5 49. Nd4+ Kd3 50. Nc6+ 1-0